Безопасность жизнедеятельности: учебник

Bibliografische gegevens
Hoofdauteur: Микрюков В. Ю. Василий Юрьевич
Samenvatting:Содержит сведения о единой системе предупреждения и ликвидации чрезвычайных ситуаций Российской Федерации, оружии массового поражения и защите от него, защите при стихийных бедствиях, авариях (катастрофах) на транспорте и производственных объектах, обеспечении безопасности при неблагоприятной экологической и социальной обстановке. Соответствует Федеральному государственному образовательному стандарту высшего профессионального образования третьего поколения.
Taal:Russisch
Gepubliceerd in: Москва, КноРус, 2013
Reeks:Бакалавриат
Onderwerpen:
Formaat: Boek
KOHA link:https://koha.lib.tpu.ru/cgi-bin/koha/opac-detail.pl?biblionumber=232900

MARC

LEADER 00000nam0a2200000 4500
001 232900
005 20231101231215.0
010 |a 9785406023433 
035 |a (RuTPU)RU\TPU\book\253959 
035 |a RU\TPU\book\103316 
090 |a 232900 
100 |a 20060515d2013 m y0rusy50 ca 
101 0 |a rus 
102 |a RU 
105 |a a j 001zy 
200 1 |a Безопасность жизнедеятельности  |e учебник  |f В. Ю. Микрюков 
210 |a Москва  |c КноРус  |d 2013 
215 |a 333 с.  |c ил. 
225 1 |a Бакалавриат 
320 |a Библиогр.: с. 333. 
320 |a Словарь понятий и терминов и определений: с. 307-332. 
330 |a Содержит сведения о единой системе предупреждения и ликвидации чрезвычайных ситуаций Российской Федерации, оружии массового поражения и защите от него, защите при стихийных бедствиях, авариях (катастрофах) на транспорте и производственных объектах, обеспечении безопасности при неблагоприятной экологической и социальной обстановке. Соответствует Федеральному государственному образовательному стандарту высшего профессионального образования третьего поколения. 
606 1 |a Безопасность жизнедеятельности  |2 stltpush  |3 (RuTPU)RU\TPU\subj\27856  |9 51540 
610 1 |a жизнедеятельность 
610 1 |a стихийные бедствия 
610 1 |a аварии 
610 1 |a катастрофы 
610 1 |a транспорт 
610 1 |a производственные объекты 
610 1 |a неблагоприятная экологическая обстановка 
610 1 |a неблагоприятная социальная обстановка 
610 1 |a пожароопасные объекты 
610 1 |a взрывоопасные объекты 
610 1 |a химически опасные объекты 
610 1 |a радиационные объекты 
610 1 |a эпидемии 
610 1 |a общественные беспорядки 
610 1 |a заложники 
610 1 |a террористические акты 
610 1 |a чрезвычайные ситуации 
610 1 |a гражданская оборона 
610 1 |a оружие массового поражения 
610 1 |a техногенные аварии 
610 1 |a травмы 
610 1 |a ранения 
610 1 |a ожоги 
610 1 |a несчастные случаи 
610 1 |a первая помощь 
610 1 |a человек 
610 1 |a техносфера 
610 1 |a трудовая деятельность 
610 1 |a классификация 
610 1 |a комфортные условия 
610 1 |a производственные опасности 
610 1 |a антропогенные опасности 
610 1 |a нормативные акты 
610 1 |a охрана труда 
610 1 |a экологичность 
610 1 |a национальная безопасность 
610 1 |a экономическая безопасность 
610 1 |a военная безопасность 
610 1 |a международная безопасность 
610 1 |a социальная безопасность 
610 1 |a экологическая безопасность 
610 1 |a учебники 
675 |a 614.8(075.8)  |v 3 
700 1 |a Микрюков  |b В. Ю.  |g Василий Юрьевич 
801 1 |a RU  |b 63413507  |c 20130221 
801 2 |a RU  |b 63413507  |c 20150703  |g RCR 
900 |a Безопасность жизнедеятельности 
942 |c BK 
959 |a 37/20130218  |d 5  |e 370,00  |f ЧЗТЛ:1  |f АНЛ:1  |f УФ:3